Composting; (Record no. 122591)
[ view plain ]
| 000 -LEADER | |
|---|---|
| fixed length control field | 00823cam2a220025300 4500 |
| 001 - CONTROL NUMBER | |
| control field | lce00788943 |
| 008 - FIXED-LENGTH DATA ELEMENTS--GENERAL INFORMATION | |
| fixed length control field | 730424c19731972pau b 000 0 eng |
| 010 ## - LIBRARY OF CONGRESS CONTROL NUMBER | |
| LC control number | 72094932 //r84 |
| 020 ## - INTERNATIONAL STANDARD BOOK NUMBER | |
| International Standard Book Number | 0878570519 |
| 020 ## - INTERNATIONAL STANDARD BOOK NUMBER | |
| Terms of availability | |
| -- | .95 |
| 035 ## - SYSTEM CONTROL NUMBER | |
| System control number | (Sirsi) r49476 |
| 035 ## - SYSTEM CONTROL NUMBER | |
| System control number | (DLC) 72094932 //r84 |
| 035 ## - SYSTEM CONTROL NUMBER | |
| System control number | (UPRA)lce00788943 |
| 050 0# - LIBRARY OF CONGRESS CALL NUMBER | |
| Classification number | S661 |
| Item number | .G64 1973 |
| 082 ## - DEWEY DECIMAL CLASSIFICATION NUMBER | |
| Classification number | 631.8/75 |
| 100 1# - MAIN ENTRY--PERSONAL NAME | |
| Personal name | Golueke, Clarence G., 1917- |
| Dates associated with a name | Golueke, Clarence G., 1917- |
| Linkage | A7520.1 |
| 245 10 - TITLE STATEMENT | |
| Title | Composting; |
| Remainder of title | a study of the process and its principles, |
| Statement of responsibility, etc. | by Clarence G. Golueke. |
| 260 ## - PUBLICATION, DISTRIBUTION, ETC. | |
| Place of publication, distribution, etc. | Emmaus, Pa., |
| Name of publisher, distributor, etc. | Rodale Press |
| Date of publication, distribution, etc. | [1973, c1972] |
| 490 0# - SERIES STATEMENT | |
| Series statement | A Rodale organic living paperback |
| Linkage | S22226.1 |
| 504 ## - BIBLIOGRAPHY, ETC. NOTE | |
| Bibliography, etc. note | Bibliography: p. 93-98. |
| 650 #0 - SUBJECT ADDED ENTRY--TOPICAL TERM | |
| Topical term or geographic name entry element | Compost. |
| Linkage | S1414.1 |
| 949 ## - LOCAL PROCESSING INFORMATION (OCLC) | |
| a | S661 |
| w | lcc |
| i | -61851 |
| m | MAIN |
| t | BOOK |
| l | ON-SHELF |
No items available.